01233nam a2200265 u 450000500170000000800410001704000270005804100080008504400070009308200170010010000270011724501560014426000450030030000950034565000630044065000650050365000540056865000640062270000260068670000270071271000250073994200150076499900170077995201710079620160504101231.0160504b2014 br ado |r|||| 00| 0 spa d aCO-BoIAVH cCO-BoIAVH 0 aspa abl04a304.25bB21a1 aBanhe, Andreiaeautora10aArpovechando las oportunidades de colaboración entre ciudades y empresas para economías sostenibles / cAndreia Banhe, Kyre Appleby y Sara Telahoun a[Brasil?]:bCDP América Latina,c2014. a14 páginas :bilustraciones, gráficas y fotografías a color ;c30 x 21 centímetros14aCambio climáticoxriesgos climáticoszAmérica Latina26aCambio climáticoxriesgos atmosféricoszAmérica Latina26aCambio climáticoxcompañiaszAmérica Latina26aCambio climáticoxaspectos económicoszAmérica Latina1 aAppleby, Kyraeautora1 aTelahoun, Saraeautora2 aCDP América Latina 2ddccLIBRO c18456d18456 00102ddc40708GENERALIINV2017aBogotabBogotad2016-05-04eInstitutog39000.00l0oLB-304.25 B21ap040101r2016-05-04 00:00:00tEj. 1w2016-05-04xDonacionyLIBRO